000
00183nam a2200073Ia 4500
008
170817s9999 xx 000 0 und d
100
_a
RAMESH A.R.
245
0
_a
TECHNIQUES OF TEACHING COMMERCE
260
_b
SONALI PUB.
999
_c
36687
_d
36687